An introduction to critical discourse analysis in education

Gespeichert in:
Bibliographische Detailangaben
1. Verfasser: Rogers, Rebecca (VerfasserIn)
Format: Buch
Sprache:Englisch
Veröffentlicht: Mahwah Lawrence Erlbaum 2004
Schlagworte:
Tags: Tag hinzufügen
Keine Tags, Fügen Sie den ersten Tag hinzu!

MARC

LEADER 00000nam a2200000 a 4500
001 UCJ0396
003 CL-VaPUC
008 060804e20040000US |||||||||||||||||eng|d
020 |a 0805848177 
082 0 4 |a 371.1022  |b ROG  |2 21 
100 0 |a Rogers, Rebecca  |e author  |9 500573 
245 1 3 |a An introduction to critical discourse analysis in education 
300 |a 266 p 
942 |c BK 
945 |d 20060804 00:00:00  |a cmena 
260 |a Mahwah  |b Lawrence Erlbaum  |c 2004 
650 7 |a INTERACCION DIDACTICA  |2 CL-VaPUC  |9 500574 
650 0 |a Educación lingüística  |9 306506 
650 0 |a Análisis del discurso  |9 256696 
650 7 |a TEORIA LINGUISTICA  |2 CL-VaPUC  |9 334835 
583 |a last modification  |c 20130401 10:22:52  |k Rodrigo Vera 
999 |c 317252  |d 317250 
952 |0 0  |1 0  |4 0  |6 371_102200000000000_ROG_2004  |7 0  |8 A  |9 393304  |a FDOPOS  |b FDOPOS  |d 2019-11-22  |i 4259246  |o 371.1022 ROG 2004  |p 4259246  |r 2025-01-22  |w 2019-11-22  |y BK  |k MLA